Les chansons de Favé - Mort subite - Statistiques

Statistiques générales
  • Ce quiz a été pris 250 fois
  • Le résultat moyen est 8 sur 10
Answers on the Grid
Answers color-coded by a green-red scale on the quiz's grid according to % correct below.
Flashback
Urus
Mode Avion
Mercedes
Audi
VIBES
00h
01h
Toxic
NO LÈCHE
FAVELA
IL LE FALLAIT
Y FALLAIT PAS
Memories
En détente
03h
Si tu savais....
Soleil
 
Statistiques - réponses
Réponse % Correct
Urus
89%
Flashback
86%
NO LÈCHE
83%
Mode Avion
81%
Mercedes
80%
FAVELA
76%
IL LE FALLAIT
71%
VIBES
71%
00h
69%
Toxic
69%
Aucun quiz correspondant
Distribution des résultats
% des personnes avec chaque résultat
Percentile par nombre de réponses
Votre historique - résultats
Vous n’avez pas pris ce quiz